000 00517nam a2200217Ia 4500
003 OSt
005 20220928141049.0
006 a|||||r|||| 00| 0
007 ta
008 220927b |||||||| |||| 00| 0 eng d
024 _a13354
037 _cTextual
040 _aSDCL
_cSDCL
_beng
041 _2eng
_aeng
082 _aWv, L6
100 _aJames Elizabeth M
_9498846
245 0 _aPolitical theory
260 _c1976
942 _hWv, L6
_cTEXL
_2CC
999 _c815763
_d815763